|
|
|
|
| LEADER |
01151cam a2200313Ia 4500 |
| 001 |
9780203981009 |
| 003 |
FlBoTFG |
| 005 |
20091230162920.0 |
| 006 |
a|||||s||||||||||| |
| 007 |
cr|||| |
| 008 |
980804s1999 enk sb 001 0deng d |
| 020 |
|
|
|a 9780203981009 (e-book : PDF)
|
| 040 |
|
|
|a FlBoTFG
|c FlBoTFG
|d GrThAP
|
| 041 |
1 |
|
|a eng
|h ger
|
| 090 |
|
|
|a B395
|b .S96913 1999
|
| 092 |
|
|
|a 184
|b S998
|
| 100 |
1 |
|
|a Szlezâak, Thomas Alexander.
|
| 240 |
1 |
0 |
|a Platon lesen.
|l English
|
| 245 |
1 |
0 |
|a Reading Plato
|h [electronic resource] /
|c Thomas A. Szlezâak ; translated by Graham Zanker.
|
| 260 |
|
|
|a London ;
|a New York :
|b Routledge,
|c 1999.
|
| 300 |
|
|
|a xii, 137 p.
|
| 500 |
|
|
|a Originally published: Platon lesen. Stuttgart : Verlag frommann-holzboog, 1993.
|
| 504 |
|
|
|a Includes bibliographical references (p. 128-130) and index.
|
| 530 |
|
|
|a Also available in print edition.
|b CRC Press (http://www.crcpress.com)
|
| 538 |
|
|
|a Mode of access: World Wide Web.
|
| 600 |
0 |
0 |
|a Plato.
|t Dialogues.
|
| 655 |
|
7 |
|a Electronic books.
|2 lcsh
|
| 776 |
1 |
|
|z 9780415189842
|
| 856 |
4 |
0 |
|u http://www.tandfebooks.com/isbn/9780203981009
|z Full Text via HEAL-Link
|